000 00571nam a2200217 a 4500
001 23197
003 CO-ViMGA
008 141112s2004 ck r 000 u spa d
020 _a978429126358
040 _aCO-ViMGA
_bspa
_cCO-ViMGA
082 0 4 _a333.715 C655i
100 1 _aCommon, Stagl
_933426
245 1 0 _aIntroduccion a la Economía ecologica \
260 _aEspaña :
_bEditorial Reverte
300 _a526p.
650 1 4 _aCONTROL AMBIENTAL
_922241
650 1 4 _aDESARROLLO SOSTENIBLE
650 1 4 _aECOLOGIA
_9445
650 1 4 _aEconomía
942 _2ddc
_cBK
999 _c31450
_d31450